Statistiken für Stadtteile Essens Karten-Quiz

Klicken Sie hier um das Quiz zu spielen!

Allgemein

  • Dieses Quiz wurde 92 mal gespielt
  • Das Durchschnittsergebnis liegt bei 29 aus 50

Antworten auf der Karte

Die Antworten werden auf der Karte rot bzw. grün angezeigt, abhängig davon wie oft sie richtig erraten wurden.
 

Antwortstatistiken

Antwort% Korrekt
Altenessen-Nord
71%
Rüttenscheid
71%
Altenessen-Süd
69%
Heisingen
69%
Kupferdreh
69%
Nordviertel
69%
Stadtkern
69%
Südviertel
69%
Westviertel
69%
Karnap
66%
Kettwig
66%
Südostviertel
66%
Bredeney
63%
Haarzopf
63%
Ostviertel
63%
Steele
63%
Altendorf
60%
Werden
60%
Borbeck-Mitte
57%
Burgaltendorf
57%
Frohnhausen
57%
Heidhausen
57%
Kray
57%
Leithe
57%
Stadtwald
57%
Überruhr-Hinsel
57%
Überruhr-Holthausen
57%
Vogelheim
57%
Byfang
54%
Fischlaken
54%
Frintrop
54%
Horst
54%
Huttrop
54%
Stoppenberg
54%
Bergeborbeck
51%
Frillendorf
51%
Holsterhausen
51%
Katernberg
51%
Schonnebeck
51%
Bedingrade
49%
Bergerhausen
49%
Freisenbruch
49%
Fulerum
49%
Rellinghausen
49%
Dellwig
46%
Margarethenhöhe
46%
Schönebeck
46%
Schuir
46%
Bochold
43%
Gerschede
43%

Verteilung der Resultate

Perzentil nach korrekt beantworteten Fragen

Anzahl Personen mit jedem Resultat

Ihre Resultats-Entwicklung

Sie haben dieses Quiz noch nicht gespielt